000
00280nam a22001217a 4500
008
180206b xxu||||| |||| 00| 0 eng d
041
_a
eng
080
_a
030
100
_a
23
101
_a
ENC
245
_a
THE ENCYCLOPEDIA OF ANIMAL EVOLUTION
_c
BERRY.R.J
942
_2
udc
_c
BK
999
_c
41872
_d
41872